000 00908cab a22002175a 4500
001 L135790
008 061212s2006 xxk f 000 0 eng d
035 _a(Sirsi) u135790
041 0 _aeng
100 1 _aViner, Andrew
245 0 0 _aMedia savvy
260 _c2006
490 0 _aAccountancy
_vNovember 2006, 80-81(2)
520 _aDiscusses the importance of goodwill for accounting in the media business, and how this will be impacted by the change to the International Financial Reporting Standards (IFRS). Varying approaches to accounting for goodwill have been adopted by media companies reporting under UK GAAP, and these will need to be re-considered.
590 _aKA
650 2 4 _aINTERNATIONAL FINANCIAL REPORTING STANDARDS
650 2 4 _aUK GAAP
651 4 _aUnited Kingdom
_y
690 _aMANAGEMENT-BUSINESS MANAGEMENT-FINANCIAL MANAGEMENT-ACCOUNTING-FINANCIAL REPORTING
942 _n0
999 _c77994
_d77994